书目信息 |
| 书名: | Complex analysis | |
| 作者: | Lars V. Ahlfors. | |
| 分册号: | ||
| 分册名: | 出版地: | New York : |
|
| 出版社: | McGraw-Hill | |
| 出版时间: | c1979. | |
| 页数: | 331 p. : | |
| 开本: | 23 cm. | |
| 丛书名: | ||
| 中图分类号: | ||
| 科图分类号: | ||
| 其他分类号: | O172.2:H31 | |
| 主题词: | ||
| 电子资源: | ||
| 000 | 00831nam 22002653i 4504 | |
| 001 | E0737072927 | |
| 003 | CaOON | |
| 005 | 20070228102143.21 | |
| 008 | 790208s1979 nyu 0 11 eng l | |
| 010 | @a78017078 | |
| 020 | @a0070006571. | |
| 040 | @aDLC@beng@dCaOON | |
| 082 | @a515/.93 | |
| 090 | @aP153.2/W19/1979 | |
| 090 | @aO172.2:H31 | |
| 099 | @dO172.2:H31@ex4 | |
| 100 | 1 | @aAhlfors, Lars Valerian,@d1907- |
| 245 | 10 | @aComplex analysis :@ban introduction to the theory of analytic functions of one complex variable / @cLars V. Ahlfors. |
| 250 | @a3d ed. | |
| 260 | 0 | @aNew York :@bMcGraw-Hill,@cc1979. |
| 300 | @a331 p. :@bill. ;@c23 cm. | |
| 490 | 0 | @aInternational series in pure and applied mathematics. |
| 500 | @aIncludes index. | |
| 650 | 0 | @aAnalytic functions. |
| 920 | @a232010@z2 | |
| Complex analysis : : an introduction to the theory of analytic functions of one complex variable / / Lars V. Ahlfors.-3d ed.-New York : : McGraw-Hill, , c1979. |
| 331 p. : : ill. ; ; 23 cm.- (International series in pure and applied mathematics. ) |
| Includes index. |
| ISBN 0070006571. |
| ● |
| 相关链接 |
|
|
|
|
正题名:Complex analysis
索取号:O172.2:H31/x4
 
预约/预借
| 序号 | 登录号 | 条形码 | 馆藏地/架位号 | 状态 | 备注 |
| 1 | 74490 | 000454341 | 第四借阅区/ [索取号:O172.2:H31/x4] | 在馆 | |
| 2 | 74491 | 000454387 | 第二样本阅览室/ [索取号:O172.2:H31/x4] | 在馆 |